000 01136nam a2200301 4500
003 EC-UNACH
005 20240404172539.0
006 s||||gr|||| 00| 00
008 150116t9999 mx r gr 000 0 spa d
020 _a84-86424-59-3
040 _aEC-UNACH
_cEC-UNACH
041 _aspa
082 0 4 _223
_a155.5
_bL016264
110 _aCultural S.A.
245 _aPedagogía y psicología infantil
_bEl periodo escolar
_cCultural S.A.
250 _aPrimera edición
264 _aMadrid España
_bCultural S.A.
_c1992
300 _a200 páginas
_bGráficos, Tablas
_c25 centímetros
501 _aIncluye: Sumario
505 _aEl desarrollo de la motricidad.-- Desarrollo afectivo.-- Desarrollo del lenguaje y la inteligencia.-- Aprendizaje y escolaridad.-- Juegos y aficiones.-- Desarrollo de la motricidad.-- Desarrollo del lenguaje y la inteligencia.-- Desarrollo de la personalidad.-- Juegos y aficiones
650 _aEvolución
650 _aDesarrollo
650 _aPedagogías
942 _2ddc
_c1
999 _c12613